Quality of water in the Red River alluvial aquifer, pool 2, Red River Waterway area, Ruby, Louisiana /

Bibliographic Details
Main Authors: Smoot, Charles W. (Author), Seanor, Ronald C. (Author), Huff, Glenn F. (Author)
Corporate Author: United States. Army. Corps of Engineers. Vicksburg District
Format: Government Document eBook
Language:English
Published: Baton Rouge, Louisiana : U.S. Geological Survey, 1995.
Series:Water-resources investigations report ; 94-4228.
Subjects:
Online Access:https://purl.fdlp.gov/GPO/gpo184384

MARC

Tag First Indicator Second Indicator Subfields
LEADER 00000nam a2200000 i 4500
001 in00004591106
006 m o d f
007 cr b|||||||ada
008 101107s1995 lauab ob f000 0 eng c
005 20220812191032.7
035 |a (OCoLC)ocn680109782 
040 |a OCLCE  |b eng  |e rda  |e pn  |c OCLCE  |d OCLCQ  |d OCLCF  |d OCLCQ  |d OCLCO  |d OCLCQ  |d COP  |d OCLCQ  |d GPO  |d MvI 
042 |a dlr  |a pcc 
043 |a n-us-tx  |a n-us-la 
049 |a WWW 
050 4 |a QE75.U58w  |b no.94-4228 1995 
074 |a 0624-B-05 (online) 
086 0 |a I 19.42/4:94-4228 
100 1 |a Smoot, Charles W.,  |e author. 
245 1 0 |a Quality of water in the Red River alluvial aquifer, pool 2, Red River Waterway area, Ruby, Louisiana /  |c by Charles W. Smoot, Ronald C. Seanor, and G.F. Huff. 
264 1 |a Baton Rouge, Louisiana :  |b U.S. Geological Survey,  |c 1995. 
300 |a 1 online resource (iv, 35 pages) :  |b illustrations, maps. 
336 |a text  |b txt  |2 rdacontent 
337 |a computer  |b c  |2 rdamedia 
338 |a online resource  |b cr  |2 rdacarrier 
490 1 |a Water-resources investigations report ;  |v 94-4228 
500 |a "Prepared in cooperation with the U.S. Army Corps of Engineers, Vicksburg District." 
500 |a GPO Cataloging Record Distribution Program (CRDP). 
504 |a Includes bibliographical references (page 16). 
588 |a Description based on online resource; title from PDF cover (USGS, viewed July 11, 2022). 
650 0 |a Water quality  |z Red River (Tex.-La.) 
650 0 |a Water  |x Hardness  |z Red River (Tex.-La.) 
650 0 |a Water  |x Sampling  |z Red River (Tex.-La.) 
650 7 |a Water quality.  |2 fast  |0 (OCoLC)fst01171832 
651 7 |a United States  |z Red River.  |2 fast  |0 (OCoLC)fst01240409 
700 1 |a Seanor, Ronald C.,  |e author. 
700 1 |a Huff, Glenn F.,  |e author. 
710 2 |a Geological Survey (U.S.),  |e issuing body. 
710 1 |a United States.  |b Army.  |b Corps of Engineers.  |b Vicksburg District. 
776 0 8 |i Print version:  |a Smoot, Charles W.  |t Quality of water in the Red River alluvial aquifer, pool 2, Red River waterway area, Ruby, Louisiana  |w (OCoLC)32290528 
830 0 |a Water-resources investigations report ;  |v 94-4228. 
856 4 0 |u https://purl.fdlp.gov/GPO/gpo184384  |t 0 
999 f f |s 40269fb6-183b-42b2-a809-0eb704238126  |i 40269fb6-183b-42b2-a809-0eb704238126  |t 0 
952 f f |a Texas A&M University  |b College Station  |c Electronic Resources  |d Available Online  |t 0  |e I 19.42/4:94-4228  |h Superintendent of Documents classification 
998 f f |a I 19.42/4:94-4228  |t 0  |l Available Online